|
|
|
|
| LEADER |
00000nam0a2200000 4500 |
| 001 |
85207 |
| 005 |
20231101213413.0 |
| 035 |
|
|
|a (RuTPU)RU\TPU\book\91550
|
| 090 |
|
|
|a 85207
|
| 100 |
|
|
|a 20051110d1978 k y0rusy50 ca
|
| 101 |
0 |
|
|a rus
|
| 102 |
|
|
|a RU
|
| 105 |
|
|
|a a z 001zy
|
| 200 |
1 |
|
|a Наводороживание и коррозия металлов
|e межвузовский сборник научных трудов
|f Пермский государственный университет; [гл. ред. В. В. Кузнецов]
|
| 210 |
|
|
|a Пермь
|c Пермский государственный ун-т
|d 1978
|
| 215 |
|
|
|a 94 с.
|c ил.
|
| 320 |
|
|
|a Библиография в конце работ.
|
| 610 |
1 |
|
|a водород
|
| 610 |
1 |
|
|a коррозия металлов
|
| 610 |
1 |
|
|a проникновение
|
| 610 |
1 |
|
|a стали
|
| 610 |
1 |
|
|a водородопроницаемость
|
| 610 |
1 |
|
|a ингибиторы
|
| 610 |
1 |
|
|a сборники
|
| 675 |
|
|
|a 669:620.1
|v 3
|
| 675 |
|
|
|a 669:620.193
|v 3
|
| 702 |
|
1 |
|a Кузнецов
|b В. В.
|g Виктор Васильевич
|4 340
|
| 712 |
0 |
2 |
|a Пермский государственный университет
|2 stltpush
|3 (RuTPU)RU\TPU\col\189
|9 23260
|
| 801 |
|
1 |
|a RU
|b 63413507
|c 20051110
|g PSBO
|
| 801 |
|
2 |
|a RU
|b 63413507
|c 20051114
|g PSBO
|
| 942 |
|
|
|c BK
|